000 00249nam a22001097a 4500
008 170126b xxu||||| |||| 00| 0 eng d
020 _a9780073402031
041 _aeng
080 _24TH
_a61
245 _aMEDICAL INSURANCE
_cVALERIUS
942 _2udc
_cBK
999 _c3780
_d3780